Analýza cestovného ruchu na Slovensku

Analýza cestovného ruchu na regionálnej úrovni na Slovensku. Využitie metód viackriteriálnej analýzy na skúmanie postavenia jednotlivých krajov Slovenska vzhľadom na stupeň rozvoja cestovného ruchu v danej oblasti.

Saved in:
Bibliographic Details
Main Author: Coroničová Hurajová, Jana, 1986-
Other Authors: Majerská, Miroslava, Andrych, Anna
Format: Book Chapter
Language:Slovak
Subjects:
Tags: Add Tag
No Tags, Be the first to tag this record!

MARC

LEADER 00000naa$a2200000$$$4500
001 0281249
005 20240502074355.3
041 0 |a slo 
044 |a SK 
245 1 0 |a Analýza cestovného ruchu na Slovensku  |c Jana Coroničová Hurajová, Miroslava Majerská, Anna Andrych 
520 |a Analýza cestovného ruchu na regionálnej úrovni na Slovensku. Využitie metód viackriteriálnej analýzy na skúmanie postavenia jednotlivých krajov Slovenska vzhľadom na stupeň rozvoja cestovného ruchu v danej oblasti. 
610 2 0 |a ruch cestovný 
610 2 0 |a analýzy 
610 2 0 |a regióny 
610 2 0 |a Slovensko 
100 1 |a Coroničová Hurajová, Jana, 1986- 
700 1 |a Majerská, Miroslava 
700 1 |a Andrych, Anna